Statistics for Not The United Kingdom

Click here to take the quiz!

General Stats

  • This quiz has been taken 239 times
    (238 since last reset)
  • The average score is 22 of 34

Answer Stats

GroupCountry% Correct
Flag with Union JackAustralia
95%
Borders North Sea, European Countries With One BorderDenmark
93%
Flag with Union JackNew Zealand
93%
European Countries With One Border, Has a Capital City begining with LPortugal
93%
Have 'United' in their NameUnited States
93%
Borders North SeaNorway
92%
Have 'United' in their NameUnited Arab Emirates
87%
European Countries With One BorderIreland
85%
Borders North SeaNetherlands
85%
Borders North SeaBelgium
83%
Borders North SeaGermany
83%
Borders North SeaFrance
80%
Island Countries with 10+ million peopleIndonesia
79%
Island Countries with 10+ million peopleJapan
77%
Island Countries with 10+ million peoplePhilippines
70%
Island Countries with 10+ million peopleMadagascar
69%
European Countries With One BorderSan Marino
69%
European Countries With One BorderVatican City
69%
European Countries With One BorderMonaco
63%
Island Countries with 10+ million peopleCuba
61%
Island Countries with 10+ million peopleSri Lanka
61%
Island Countries with 10+ million peopleTaiwan
60%
Flag with Union JackFiji
59%
Has a Capital City begining with LPeru
52%
Has a Capital City begining with LLuxembourg
45%
Island Countries with 10+ million peopleDominican Republic
39%
Flag with Union JackTuvalu
36%
Has a Capital City begining with LAngola
34%
Has a Capital City begining with LSlovenia
29%
Has a Capital City begining with LMalawi
27%
Has a Capital City begining with LTogo
27%
Has a Capital City begining with LZambia
27%
Has a Capital City begining with LBolivia
20%
Has a Capital City begining with LGabon
18%

Score Distribution

Percentile by Number Answered

Percent of People with Each Score

Your Score History

You have not taken this quiz since the last reset